| 000 | 00715nam a2200169 a 4500 | ||
|---|---|---|---|
| 001 | 000040493 | ||
| 005 | 20201002034152.0 | ||
| 008 | 130821s2010 mx 000 0 spa d | ||
| 020 | _a9786070220241 | ||
| 040 |
_aDO-SdBNP _bspa _cBNPHU |
||
| 100 | 1 |
_aReyes, Alfonso, _d1890-1959 _966634 |
|
| 245 | 1 | 3 |
_aFastos de maratón : _bdiscurso de ingreso a la Academia Mexicana de la Lengua, 23 de octubre de 1918 / _cAlfonso Reyes. |
| 260 |
_aMéxico : _bUniversiad Nacional Autónoma de México. Dirección General de Publicaciones y Fomento Editorial _bAcademia Mexicana de la Lengua, _c2010. |
||
| 300 |
_a56 p. ; _c18 cm. |
||
| 700 | 1 |
_aTorres Bodet, Jaime _961675 |
|
| 710 | 2 |
_aUniversiad Nacional Autónoma de México _966211 |
|
| 999 |
_c39983 _d39983 |
||